00323pab a2200133 454500008004000000100002000040245003800060260000900098300001200107362001100119650001800130650002100148773002000169180718b2001 xxu||||| |||| 00| 0 eng d aRastogi, Savita aGlobalisation of higher education c2001 ap.11-16 a27 Aug aGlobalization aHigher education aUniversity News